| 000 | 00630cam a22002057 4500 | ||
|---|---|---|---|
| 001 | 8647880 | ||
| 005 | 20180228034736.0 | ||
| 008 | 910204s1948 fr 000 0 fre | ||
| 010 | _altf91003417 | ||
| 040 |
_aDLC _cDLC _dDLC |
||
| 041 | 1 | _afre | |
| 080 | _a591 | ||
| 082 | _2591 KIN | ||
| 100 | 1 | _a7 | |
| 101 | _aZOO | ||
| 240 | 1 | 0 |
_aSexual behavior in the human male. _lFrench |
| 245 | 0 | 3 |
_aLe comportement sexuel de l'homme. _cAvec la collaboration de Wardell B. Pomeroy et Clyde E. Martin. [Traduit de l'anglais par Eugène Bestaux [et al.] |
| 906 |
_a0 _bcbc _cpremunv _du _encip _f19 _gy-gencatlg |
||
| 942 |
_2ddc _cBK |
||
| 999 |
_c43681 _d43681 |
||